| 000 | 00347nam a22001457a 4500 | ||
|---|---|---|---|
| 003 | OSt | ||
| 005 | 20211222162555.0 | ||
| 008 | 211222b |||||||| |||| 00| 0 eng d | ||
| 020 | _a0130362522 | ||
| 040 | _cHU | ||
| 082 | _a004.35UMA1993 | ||
| 100 |
_aUmar _924403 |
||
| 245 | _aDistributed Computing A Practical Synthesis | ||
| 942 |
_2ddc _cBOOKS _n0 |
||
| 999 |
_c23547 _d23547 |
||